000 00421nam a2200181Ia 4500
001 10159
005 20260306161811.0
008 260306t1967||||xx |||||||||||||| ||spa||
041 _aESP
082 _a901
_bT869
100 _aToynbee, Arnold
_eAUT
245 0 _aEl mundo y el occidente
260 _c1967
300 _axxiii, 100 páginas :
_c21cm.
650 _aGEN
654 _aCHU
942 _cLIB
_dJUS
_fJUS
_2ddc
_n
999 _c10159
_d10159